| 000 | 00708nam a2200181Ia 4500 | ||
|---|---|---|---|
| 008 | 151202s9999||||xx |||||||||||||| ||und|| | ||
| 082 | _bPNVM-60546 | ||
| 100 | _aकेन फॉलेट अनु . कुलक र्णी पद्मा. | ||
| 245 | _aआय ऑफ द निडल. | ||
| 260 | _b"पुष्प प्रकाशन, पुणे." | ||
| 260 | _c60546 | ||
| 300 | _a200 | ||
| 600 | _aकेन फॉलेट अनु . कुलक र्णी पद्मा. | ||
| 630 | _aआय ऑफ द निडल. | ||
| 700 | _aकेन फॉलेट अनु . कुलक र्णी पद्मा. | ||
| 730 | _aआय ऑफ द निडल. | ||
| 942 | _cBOOK | ||
| 999 |
_c1327080 _d1327077 |
||